000
00357nam a22001457a 4500
008
230411b |||||||| |||| 00| 0 eng d
020
_a
978-1-529-15764-2
082
_a
813.54
100
_a
Amor Towles
245
_a
The Lincoln Highway
260
_b
Penguin Books,
_c
2022
300
_a
576 p.
_c
20 cm
942
_2
ddc
999
_c
9542
_d
9543